Geography Quiz

Random Geography or Flags Quiz

Red, White and Blue Flags Quiz Stats

Quiz not verified by Sporcle

Also try: Christmas Flags
Challenge
Share
Tweet
Score 0/22 Timer 05:00
0 Plays Today
Hint Answer % Correct
United States
98.3%
France
97%
United Kingdom
96.7%
Australia
95.4%
Norway
93.3%
New Zealand
93%
Russia
89.8%
Iceland
88.4%
Nepal
86.9%
Netherlands
86%
Czechia
85.4%
Hint Answer % Correct
North Korea
84.6%
Slovakia
83.9%
Cuba
83.4%
Chile
82.8%
Panama
79.3%
Luxembourg
77.9%
Liberia
77.5%
Thailand
76.7%
Laos
73.5%
Taiwan
69.6%
Samoa
65.6%

You're not logged in!

Compare scores with friends on all Sporcle quizzes.
Join for Free
OR
Log In

You Might Also Like...

Show Comments

Extras

Created Nov 19, 2013ReportNominate
Tags:Color Quiz, Flags Quiz, blue, red, white

Top Quizzes Today


Score Distribution

Your Account Isn't Verified!

In order to create a playlist on Sporcle, you need to verify the email address you used during registration. Go to your Sporcle Settings to finish the process.

Report this User

Report this user for behavior that violates our Community Guidelines.

Details: